Půlrok s eurem pod Tatrami

Analýza konkrétnych rovín v krátkodobom horizonte po prijatí eura na Slovensku. Protizdražovacie opatrenia a zákony. Miera inflácie v prvých mesiacoch po zavedení jednotnej európskej meny. Cenová hladina v nových podmienkach. Nepriaznivé vplyvy, výrazný pokles tržieb. Úrokové sadzby nastavené v rámc...

ver descrição completa

Na minha lista:
Detalhes bibliográficos
Autor principal: Machala, Karel
Formato: Capítulo de Livro
Idioma:tcheco
Assuntos:
Tags: Adicionar Tag
Sem tags, seja o primeiro a adicionar uma tag!

MARC

LEADER 00000naa$a2200000$$$4500
001 0100550
005 20231129092822.0
041 0 |a cze 
044 |a CZ 
245 1 0 |a Půlrok s eurem pod Tatrami  |c Karel Machala 
520 |a Analýza konkrétnych rovín v krátkodobom horizonte po prijatí eura na Slovensku. Protizdražovacie opatrenia a zákony. Miera inflácie v prvých mesiacoch po zavedení jednotnej európskej meny. Cenová hladina v nových podmienkach. Nepriaznivé vplyvy, výrazný pokles tržieb. Úrokové sadzby nastavené v rámci eurozóny. Fungovanie eura v globálnej recesii. 
610 2 0 |a Slovensko 
610 2 0 |a politika peňažná 
610 2 0 |a banky centrálne 
610 2 0 |a eurozóna 
610 2 0 |a hladina cenová 
610 2 0 |a euro 
100 1 |a Machala, Karel